000
00365nam a22001577a 4500
003
MPLRDC
005
20220104123948.0
008
210129b ||||| |||| 00| 0 eng d
082
_a
170 LHX
100
_a
罗鸿翔编著
245
_a
心理学引论
_c
260
_a
_b
台湾书店
_c
1968
300
_b
平
650
_a
心理学总论
942
_c
BK
_o
170 LHX
999
_c
15556
_d
15546